<?xml version="1.0" encoding="UTF-8"?><?xml-stylesheet type="text/xsl" href="static/style.xsl"?><OAI-PMH xmlns="http://www.openarchives.org/OAI/2.0/" xmlns:xsi="http://www.w3.org/2001/XMLSchema-instance" xsi:schemaLocation="http://www.openarchives.org/OAI/2.0/ http://www.openarchives.org/OAI/2.0/OAI-PMH.xsd"><responseDate>2026-06-06T18:07:29Z</responseDate><request verb="GetRecord" identifier="oai:riuma.uma.es:10630/27834" metadataPrefix="marc">https://riuma.uma.es/rest/oai/request</request><GetRecord><record><header><identifier>oai:riuma.uma.es:10630/27834</identifier><datestamp>2026-02-03T12:38:44Z</datestamp><setSpec>com_10630_2254</setSpec><setSpec>col_10630_37957</setSpec></header><metadata><record xmlns="http://www.loc.gov/MARC21/slim" xmlns:dcterms="http://purl.org/dc/terms/" xmlns:doc="http://www.lyncode.com/xoai" xmlns:xsi="http://www.w3.org/2001/XMLSchema-instance" xsi:schemaLocation="http://www.loc.gov/MARC21/slim http://www.loc.gov/standards/marcxml/schema/MARC21slim.xsd">
   <leader>00925njm 22002777a 4500</leader>
   <datafield ind2=" " ind1=" " tag="042">
      <subfield code="a">dc</subfield>
   </datafield>
   <datafield ind2=" " ind1=" " tag="720">
      <subfield code="a">Sánchez-Marín, Laura</subfield>
      <subfield code="e">author</subfield>
   </datafield>
   <datafield ind2=" " ind1=" " tag="260">
      <subfield code="c">2023-10-11</subfield>
   </datafield>
   <datafield ind2=" " ind1=" " tag="520">
      <subfield code="a">El estrés y el consumo abusivo de alcohol durante períodos tempranos del desarrollo pueden tener consecuencias nocivas en el cerebro y en el comportamiento, siendo considerados factores de riesgo importantes para el desarrollo de trastornos psiquiátricos en la edad adulta. Ambos factores se asocian con frecuencia en la adolescencia, lo que podría dar lugar a una mayor influencia negativa sobre la salud mental. La identificación y una mejor comprensión de los mecanismos subyacentes a estos eventos tempranos, que podrían aumentar la vulnerabilidad a la enfermedad mental, es esencial para mejorar las estrategias de prevención, diagnóstico y tratamiento. Así, la presente tesis doctoral se compone de cuatro bloques experimentales encaminados, mediante el desarrollo de diferentes modelos animales, a caracterizar los efectos a largo plazo de un estrés temprano y el consumo de alcohol durante la adolescencia sobre el comportamiento de tipo ansioso y sobre la expresión de sistemas de señalización en aquellos circuitos cerebrales asociados con los comportamientos adictivos y emocionales.</subfield>
   </datafield>
   <datafield ind1="8" ind2=" " tag="024">
      <subfield code="a">https://hdl.handle.net/10630/27834</subfield>
   </datafield>
   <datafield tag="653" ind2=" " ind1=" ">
      <subfield code="a">Adolescentes - Psicología</subfield>
   </datafield>
   <datafield tag="653" ind2=" " ind1=" ">
      <subfield code="a">Jóvenes - Consumo de alcohol</subfield>
   </datafield>
   <datafield tag="653" ind2=" " ind1=" ">
      <subfield code="a">Estrés (Psicología)</subfield>
   </datafield>
   <datafield tag="653" ind2=" " ind1=" ">
      <subfield code="a">Angustia</subfield>
   </datafield>
   <datafield ind2="0" ind1="0" tag="245">
      <subfield code="a">Alcohol y estrés en la adolescencia como factores de vulnerabilidad en los trastornos de ansiedad: papel del sistema endocannabinoide</subfield>
   </datafield>
</record>
</metadata></record></GetRecord></OAI-PMH>